[Event "GER-chT Seniors 26th"]
[Site "Templin"]
[Date "2017.09.29"]
[Round "5.1"]
[White "Engelbert, Christoph"]
[Black "Urytskyy, Arkadiy"]
[Result "1-0"]
[WhiteElo "2135"]
[BlackElo "2176"]
[PlyCount "89"]
[EventDate "2017.09.25"]
[EventType "team-swiss"]
[EventRounds "7"]
[EventCountry "GER"]
[SourceTitle "EXT 2019"]
[Source "ChessBase"]
[SourceDate "2018.10.10"]
[SourceVersion "1"]
[SourceVersionDate "2018.10.10"]
[SourceQuality "1"]
[WhiteTeam "Hamburg"]
[BlackTeam "Bayern II"]
[WhiteTeamCountry "GER"]
[BlackTeamCountry "GER"]

1. e4 c5 2. c3 d5 3. exd5 Qxd5 4. d4 Nc6 5. Nf3 e6 6. Bd3 Nf6 7. 0-0 Be7 8. c4 Qd7 9. dxc5 Bxc5 10. a3 0-0 11. Qe2 Nd4 12. Nxd4 Bxd4 13. Nd2 Rd8 14. Bc2 b6 15. Nf3 Bb7 16. Rd1 Bxf3 17. Qxf3 Rac8 18. Be3 e5 19. Bf5 Qd6 20. Bxc8 Rxc8 21. Rac1 Rd8 22. Rc2 Nd7 23. Rcd2 Nf8 24. Bxd4 exd4 25. Rxd4 Qxd4 26. Rxd4 Rxd4 27. b3 g6 28. g3 Rd7 29. Qc6 Rd3 30. Qa4 Ne6 31. b4 Rc3 32. Qxa7 Rxc4 33. Qxb6 g5 34. Kf1 g4 35. a4 Nd4 36. Qd8+ Kg7 37. Qg5+ Kf8 38. Qxg4 Rxb4 39. a5 Rb1+ 40. Kg2 Ne6 41. a6 Ra1 42. Qb4+ Ke8 43. Qd6 Rc1 44. a7 Nc7 45. Qxc7 1-0

[Event "GER-chT Seniors 23rd"]
[Site "Bergen"]
[Date "2014.09.01"]
[Round "1.1"]
[White "Kracht, Helmut"]
[Black "Engelbert, Christoph"]
[Result "0-1"]
[WhiteElo "1993"]
[BlackElo "2206"]
[PlyCount "112"]
[EventDate "2014.09.01"]
[EventType "team-swiss"]
[EventRounds "7"]
[EventCountry "GER"]
[SourceTitle "EXT 2018"]
[Source "ChessBase"]
[SourceDate "2017.10.13"]
[SourceVersion "1"]
[SourceVersionDate "2017.10.13"]
[SourceQuality "1"]

1. e4 g6 2. f4 Bg7 3. Nf3 Nc6 4. Bc4 d6 5. Nc3 e6 6. 0-0 Nge7 7. a4 0-0 8. d3 d5 9. Bb3 b6 10. Qe1 Ba6 11. Nb5 Na5 12. Ba2 dxe4 13. Qxe4 Nb7 14. Qe1 Nc5 15. Bc4 c6 16. Na3 Bb7 17. Nb1 Nf5 18. Nc3 a6 19. Ne4 Nxe4 20. dxe4 Nd4 21. Bd3 c5 22. Ne5 Bxe5 23. fxe5 c4 24. Ra3 Qc7 25. Rc3 Qxe5 26. Rxc4 Rac8 27. Bf4 Qg7 28. Rxc8 Rxc8 29. c3 Nb3 30. Bc2 Nc5 31. Qe3 f6 32. Rd1 e5 33. Bg3 Qe7 34. Be1 Rd8 35. Rxd8+ Qxd8 36. b4 Ne6 37. Bf2 b5 38. axb5 axb5 39. Qb6 Qxb6 40. Bxb6 Ng5 41. Bd3 Nxe4 42. Bxe4 Bxe4 43. Kf2 Kf7 44. g3 Ke6 45. Ke3 Bd5 46. Bd8 h6 47. Kd3 f5 48. Ke3 g5 49. Bc7 f4+ 50. gxf4 gxf4+ 51. Kf2 Kf5 52. Bd6 e4 53. Ke2 Bc4+ 54. Kf2 e3+ 55. Kf3 Bd5+ 56. Ke2 Ke4 0-1

[Event "Hamburg-chT Landesliga 1314"]
[Site "Hamburg"]
[Date "2014.04.13"]
[Round "9.4"]
[White "Schmidt Wilke, Jens"]
[Black "Engelbert, Christoph"]
[Result "0-1"]
[WhiteElo "2126"]
[BlackElo "2202"]
[PlyCount "62"]
[EventDate "2013.10.13"]
[EventType "team-tourn"]
[EventRounds "9"]
[EventCountry "GER"]
[SourceTitle "EXT 2022"]
[Source "ChessBase"]
[SourceDate "2021.10.06"]
[SourceVersion "1"]
[SourceVersionDate "2021.10.06"]
[SourceQuality "1"]
[WhiteTeam "Harburg Diagonale"]
[BlackTeam "Hamburger SK IV"]
[WhiteTeamCountry "GER"]
[BlackTeamCountry "GER"]

1. e4 g6 2. d4 Bg7 3. Nc3 d6 4. f4 Nc6 5. Be3 Nf6 6. Nf3 0-0 7. Bd3 e5 8. d5 exf4 9. Bxf4 Nb4 10. 0-0 Nxd3 11. cxd3 Bg4 12. Qd2 c6 13. dxc6 bxc6 14. Kh1 Bxf3 15. Rxf3 d5 16. e5 Ne8 17. Bh6 f5 18. Re1 Bxh6 19. Qxh6 Qe7 20. d4 Nc7 21. Qd2 Ne6 22. Na4 Rab8 23. Rc1 Rb4 24. Nc5 Rxd4 25. Qf2 Qxc5 26. Rxc5 Rd1+ 27. Qg1 Rxg1+ 28. Kxg1 Nxc5 29. Rc3 Nd7 30. Rxc6 Nxe5 31. Rd6 Rc8 0-1

[Event "Lueneburg Seniors 1st"]
[Site "Lueneburg"]
[Date "2013.07.20"]
[Round "6"]
[White "Engelbert, Christoph"]
[Black "Schatz, Werner"]
[Result "0-1"]
[WhiteElo "2190"]
[BlackElo "1942"]
[PlyCount "94"]
[EventDate "2013.07.15"]
[EventType "tourn"]
[EventRounds "9"]
[EventCountry "GER"]
[SourceTitle "CBM 155 Extra"]
[Source "ChessBase"]
[SourceDate "2013.08.26"]
[SourceVersion "1"]
[SourceVersionDate "2013.08.26"]
[SourceQuality "1"]

1. e4 g6 2. d4 Bg7 3. c4 c5 4. Nf3 cxd4 5. Nxd4 Nc6 6. Be3 d6 7. Nc3 Nf6 8. Be2 Qa5 9. 0-0 0-0 10. f3 a6 11. Qd2 Re8 12. Rfd1 Bd7 13. Rac1 Rac8 14. Nb3 Qc7 15. c5 dxc5 16. Nxc5 Rcd8 17. Qc2 Bc8 18. Nxa6 bxa6 19. Nd5 Qb7 20. Qxc6 Qxc6 21. Rxc6 Nxd5 22. exd5 Bxb2 23. Rd2 Ba3 24. Bxa6 Bxa6 25. Rxa6 Bc1 26. Re2 Bxe3+ 27. Rxe3 Rxd5 28. a4 Rd1+ 29. Kf2 Ra1 30. Ra7 e6 31. Rc3 Ra2+ 32. Kg3 Kg7 33. Rcc7 Rf8 34. h4 h6 35. Kh3 Kf6 36. g4 Ra1 37. a5 Ra2 38. Kg3 Ra1 39. a6 Ra3 40. Rc4 Rd8 41. Rf4+ Ke5 42. Rfxf7 Rd6 43. Rg7 g5 44. h5 Rd2 45. Rgb7 Raa2 46. Rb5+ Kf6 47. f4 Rd3# 0-1

[Event "Lueneburg Seniors 1st"]
[Site "Lueneburg"]
[Date "2013.07.19"]
[Round "5"]
[White "Ditmas, Hugh"]
[Black "Engelbert, Christoph"]
[Result "0-1"]
[WhiteElo "1996"]
[BlackElo "2190"]
[PlyCount "67"]
[EventDate "2013.07.15"]
[EventType "tourn"]
[EventRounds "9"]
[EventCountry "GER"]
[SourceTitle "CBM 155 Extra"]
[Source "ChessBase"]
[SourceDate "2013.08.26"]
[SourceVersion "1"]
[SourceVersionDate "2013.08.26"]
[SourceQuality "1"]

1. d4 g6 2. c4 Bg7 3. e4 d6 4. Nc3 Nf6 5. Be2 0-0 6. Nf3 e5 7. 0-0 Nc6 8. d5 Ne7 9. Ne1 h6 10. f3 Nh7 11. Be3 f5 12. c5 f4 13. Bf2 g5 14. Nd3 Ng6 15. Rc1 Rf7 16. cxd6 cxd6 17. Nb5 a6 18. Na3 b5 19. Nb4 h5 20. Nc6 Qd7 21. Bb6 Bf6 22. Na7 Rxa7 23. Bxa7 Qxa7+ 24. Kh1 Bd7 25. Qd2 g4 26. Rc2 Ng5 27. Qb4 Qb8 28. Nb1 gxf3 29. gxf3 Rg7 30. Nd2 Nh3 31. Nc4 Nh4 32. Qxd6 Qf8 33. Qxf8+ Kxf8 34. Nb6 0-1

[Event "GER-chT Seniors 21st"]
[Site "Berlin"]
[Date "2012.09.12"]
[Round "3.31"]
[White "Swoboda, Peter"]
[Black "Engelbert, Christoph"]
[Result "0-1"]
[WhiteElo "1863"]
[BlackElo "2062"]
[PlyCount "44"]
[EventDate "2012.09.10"]
[EventType "team-swiss"]
[EventRounds "7"]
[EventCountry "GER"]
[SourceTitle "CBM 150 Extra"]
[Source "ChessBase"]
[SourceDate "2012.10.19"]
[SourceVersion "1"]
[SourceVersionDate "2012.10.19"]
[SourceQuality "1"]
[WhiteTeam "Sachsen Anhalt Seniors II"]
[BlackTeam "Hamburg Seniors"]
[WhiteTeamCountry "GER"]
[BlackTeamCountry "GER"]

1. d4 g6 2. c4 Bg7 3. Nf3 d6 4. Nc3 Bg4 5. e3 c5 6. Be2 cxd4 7. Nxd4 Bxe2 8. Ndxe2 Nc6 9. 0-0 Nf6 10. b3 0-0 11. Bb2 a6 12. Qd2 Qa5 13. a3 Rfc8 14. b4 Qd8 15. f4 Na7 16. Qd3 Qc7 17. Nd5 Nxd5 18. Bxg7 Qxc4 19. Qxc4 Rxc4 20. Bd4 Nb5 21. Kf2 Nxd4 22. Nxd4 Nxf4 0-1

[Event "GER-ch Seniors"]
[Site "Dresden"]
[Date "2012.08.11"]
[Round "3"]
[White "Achenbach, Manfred"]
[Black "Engelbert, Christoph"]
[Result "0-1"]
[WhiteElo "2128"]
[BlackElo "2165"]
[PlyCount "86"]
[EventDate "2012.08.09"]
[EventType "swiss"]
[EventRounds "9"]
[EventCountry "GER"]
[SourceTitle "EXT 2014"]
[Source "ChessBase"]
[SourceDate "2013.11.20"]
[SourceVersion "1"]
[SourceVersionDate "2013.11.20"]
[SourceQuality "1"]

1. Nf3 g6 2. c4 Bg7 3. g3 Nf6 4. Nc3 0-0 5. Bg2 d6 6. d4 c6 7. 0-0 Bf5 8. Nh4 Bd7 9. e4 e5 10. Nf3 Re8 11. b3 Qc8 12. Ba3 Bf8 13. Re1 Bh3 14. Bh1 Bg4 15. Qd3 Nbd7 16. Bb2 Bg7 17. d5 c5 18. Bg2 Nb8 19. Bc1 Rf8 20. Be3 Bd7 21. a4 Na6 22. Nb5 Ne8 23. Bd2 Nac7 24. b4 Na6 25. Rab1 h6 26. Rf1 cxb4 27. Bxb4 Nxb4 28. Rxb4 Qc5 29. Rbb1 Kh7 30. Na3 b6 31. Nb5 f5 32. Nh4 f4 33. Kh1 Bf6 34. Nf3 Be7 35. Nd2 g5 36. Nf3 Qc8 37. Rg1 Ng7 38. Nd2 Qc5 39. Nf3 Qxf2 40. Nc7 Rac8 41. Ne6 Nxe6 42. dxe6 Bxe6 43. gxf4 Rxf4 0-1

[Event "GER-ch Seniors"]
[Site "Dresden"]
[Date "2012.08.09"]
[Round "1"]
[White "Sailer, Hans Peter"]
[Black "Engelbert, Christoph"]
[Result "1/2-1/2"]
[WhiteElo "1898"]
[BlackElo "2165"]
[PlyCount "89"]
[EventDate "2012.08.09"]
[EventType "swiss"]
[EventRounds "9"]
[EventCountry "GER"]
[SourceTitle "EXT 2014"]
[Source "ChessBase"]
[SourceDate "2013.11.20"]
[SourceVersion "1"]
[SourceVersionDate "2013.11.20"]
[SourceQuality "1"]

1. e4 g6 2. d4 Bg7 3. Nf3 d6 4. Nc3 Nf6 5. Bc4 Nc6 6. 0-0 Bg4 7. Be3 0-0 8. h3 Bxf3 9. Qxf3 e5 10. d5 Ne7 11. Qe2 Ne8 12. f4 exf4 13. Rxf4 f5 14. Rf3 Nf6 15. Bd4 fxe4 16. Nxe4 Nf5 17. Nxf6+ Bxf6 18. Bxf6 Qxf6 19. c3 Rae8 20. Qd2 Qe5 21. Raf1 Kg7 22. Qf2 Qe7 23. Bb5 Ra8 24. Re1 Qg5 25. Kh2 Nh4 26. Qd4+ Kh6 27. Rf2 Rxf2 28. Qxf2 Kg7 29. Qd4+ Kf7 30. Qf2+ Kg7 31. Qd4+ Kg8 32. Qe4 Rf8 33. Bd7 Qf4+ 34. Qxf4 Rxf4 35. Kg3 g5 36. Re8+ Kg7 37. Be6 Nf5+ 38. Bxf5 Rxf5 39. c4 Rf7 40. a4 a5 41. Re6 b6 42. b3 Rf6 43. Re7+ Rf7 44. Re6 Rf6 45. Re7+ 1/2-1/2

[Event "Bayern-chI Bank Hofmann 15th"]
[Site "Bad Wiessee"]
[Date "2011.11.05"]
[Round "8"]
[White "Engelbert, Christoph"]
[Black "Pirrot, Dieter"]
[Result "1/2-1/2"]
[WhiteElo "2156"]
[BlackElo "2385"]
[PlyCount "71"]
[EventDate "2011.10.29"]
[EventType "swiss"]
[EventRounds "9"]
[EventCountry "GER"]
[SourceTitle "EXT 2012"]
[Source "ChessBase"]
[SourceDate "2011.11.24"]
[SourceVersion "1"]
[SourceVersionDate "2011.11.24"]
[SourceQuality "1"]

1. e4 e6 2. d4 d5 3. exd5 exd5 4. Nf3 Bg4 5. h3 Bh5 6. Bd3 Nc6 7. c3 Bd6 8. 0-0 Nge7 9. Bg5 f6 10. Bh4 g5 11. Bg3 Bf4 12. Nbd2 Bxd2 13. Qxd2 Bxf3 14. gxf3 Qd7 15. f4 h6 16. Kh2 0-0-0 17. Rae1 Nf5 18. Bb5 Nd6 19. Bd3 f5 20. Qe2 Ne4 21. Bxe4 dxe4 22. Qh5 Ne7 23. f3 e3 24. Rg1 Nd5 25. c4 Nxf4 26. Bxf4 gxf4 27. d5 b6 28. Rg6 Qf7 29. Reg1 Rd6 30. R6g5 Qf6 31. Rxf5 Qxb2+ 32. Rg2 Qd4 33. Qg4 Kb8 34. Rxf4 Qd3 35. Re4 Qf1 36. Re5 1/2-1/2

[Event "Bayern-chI Bank Hofmann 15th"]
[Site "Bad Wiessee"]
[Date "2011.11.04"]
[Round "7"]
[White "Forchert, Martin"]
[Black "Engelbert, Christoph"]
[Result "1/2-1/2"]
[WhiteElo "2420"]
[BlackElo "2156"]
[PlyCount "58"]
[EventDate "2011.10.29"]
[EventType "swiss"]
[EventRounds "9"]
[EventCountry "GER"]
[SourceTitle "EXT 2012"]
[Source "ChessBase"]
[SourceDate "2011.11.24"]
[SourceVersion "1"]
[SourceVersionDate "2011.11.24"]
[SourceQuality "1"]

1. e4 g6 2. d4 Bg7 3. Nc3 d6 4. Be3 Nf6 5. h3 0-0 6. g3 e5 7. Nge2 Nc6 8. Bg2 Bd7 9. 0-0 exd4 10. Nxd4 Re8 11. Re1 Nxd4 12. Bxd4 c5 13. Be3 Bc6 14. Qd3 Re6 15. f4 Qb6 16. Rab1 Rae8 17. b4 Bxe4 18. Nxe4 Nxe4 19. Bxe4 Rxe4 20. bxc5 Qc6 21. cxd6 Bd4 22. Qxd4 Rxd4 23. Bxd4 Rd8 24. c3 Rxd6 25. Rxb7 Rxd4 26. Rb8+ Kg7 27. cxd4 Qc3 28. Kf2 Qxd4+ 29. Re3 Qd5 1/2-1/2

[Event "GER-chT Seniors 20th"]
[Site "Gladenbach"]
[Date "2011.09.14"]
[Round "4.3"]
[White "Weidlich, Guenter"]
[Black "Engelbert, Christoph"]
[Result "1/2-1/2"]
[WhiteElo "2125"]
[BlackElo "2115"]
[PlyCount "85"]
[EventDate "2011.09.11"]
[EventType "team-swiss"]
[EventRounds "7"]
[EventCountry "GER"]
[SourceTitle "CBM 144 Extra"]
[Source "ChessBase"]
[SourceDate "2011.10.28"]
[SourceVersion "1"]
[SourceVersionDate "2011.10.28"]
[SourceQuality "1"]
[WhiteTeam "Sachsen"]
[BlackTeam "Hamburg"]
[WhiteTeamCountry "GER"]
[BlackTeamCountry "GER"]

1. d4 g6 2. c4 Bg7 3. Nc3 d6 4. Nf3 Bg4 5. e3 c5 6. Be2 Nh6 7. 0-0 cxd4 8. Nxd4 Bxe2 9. Ndxe2 0-0 10. b3 a6 11. a4 Ng4 12. Rb1 Nf6 13. Qd2 Nc6 14. Rd1 Qc8 15. Ba3 Qf5 16. Nd4 Nxd4 17. exd4 Rfe8 18. d5 Ne4 19. Nxe4 Qxe4 20. a5 Rab8 21. Rbc1 b6 22. axb6 Rxb6 23. b4 Rc8 24. Qd3 Qxd3 25. Rxd3 Rb7 26. c5 Rb5 27. c6 Bf8 28. Re1 e6 29. dxe6 fxe6 30. Rxe6 Rxc6 31. Rf3 Rf5 32. Rxf5 gxf5 33. Kf1 Rc3 34. Re3 Rxe3 35. fxe3 d5 36. Ke2 a5 37. Kd3 Bxb4 38. Bxb4 axb4 39. Kc2 Kf7 40. Kb3 Ke6 41. Kxb4 Ke5 42. Kc3 Ke4 43. Kd2 1/2-1/2

[Event "Hamburg-chT Landesliga 1011"]
[Site "Hamburg"]
[Date "2011.04.16"]
[Round "8.1"]
[White "Ritscher, Jan Paul"]
[Black "Engelbert, Christoph"]
[Result "1-0"]
[WhiteElo "2295"]
[BlackElo "2175"]
[PlyCount "55"]
[EventDate "2010.10.10"]
[EventType "team-tourn"]
[EventRounds "9"]
[EventCountry "GER"]
[SourceTitle "EXT 2022"]
[Source "ChessBase"]
[SourceDate "2021.10.06"]
[SourceVersion "1"]
[SourceVersionDate "2021.10.06"]
[SourceQuality "1"]
[WhiteTeam "Hamburg Schachfreunde"]
[BlackTeam "Hamburger SK V"]
[WhiteTeamCountry "GER"]
[BlackTeamCountry "GER"]

1. e4 g6 2. d4 Bg7 3. Nc3 d6 4. h3 Nc6 5. Nge2 e5 6. Be3 Nf6 7. d5 Ne7 8. g4 c6 9. Bg2 cxd5 10. exd5 0-0 11. Qd2 Ne8 12. f4 exf4 13. Nxf4 Bd7 14. 0-0-0 b5 15. Ne4 h6 16. Bd4 Rc8 17. Bxg7 Kxg7 18. Rhe1 Ng8 19. Qd4+ Kh7 20. Bf1 a6 21. Re3 Ngf6 22. Rde1 Nxe4 23. Rxe4 Ng7 24. Re7 Qa5 25. R1e3 Rce8 26. Nxg6 Kxg6 27. Bd3+ f5 28. Qxg7# 1-0